000 00653nam a22001817a 4500
999 _c15189
_d15189
003 OSt
082 _2631.587 NIS/SU
088 _aT 179
100 _aNISHA T. V
_93555
245 _aSubsurface drip irrigation of ladies finger in sandy loam soil
260 _aTavanur 2007
_bKelappaji College of Agricultural Engineering and Technology
300 _a137
500 _aSubsurface drip irrigation of ladies finger in sandy loam soil
520 _aSubsurface drip irrigation of ladies finger in sandy loam soil
700 _aEr. Asha Joseph (Guide)
_93373
856 _uhttps://drive.google.com/open?id=1Np1FUmKQFi4xrbGizICx5LzSAFQ-mM7D
942 _cTH